000 00379nam a2200157 a 4500
001 19234
005 20180713212639.0
008 140415s1960 000 0 spa d
041 _aspa
082 _a401.9
_bPSI
245 0 0 _aPSICOLOGIA DEL LENGUAJE
250 _a2a ed.
260 _a[s.l.] :
_bPAIDOS,
_c1960
300 _a210
650 1 4 _aPSICOLINGUISTICA
999 _c19234
_d19234